000 00918nam a2200265 i 4500
001 178510
003 ES-MaACL
005 20230906220540.0
008 110606s1985 sp ao ||||1| spa d
020 _a84-86152-10-0
080 _a616-008.9(075.8)
100 1 _aLozano Tonkin, Carlos.
_974471
245 1 0 _aEnfermedades del metabolismo /
_cpor Carlos Lozano Tonkin ; colabora Ramón Cigüenza Gabriel.
250 _a2ª ed.
260 _aMadrid :
_bLuzán 5,
_c1985.
300 _a339 p. :
_bil. ;
_c24 cm.
490 1 _aPregrado: colección de lecciones de patología médica ;
_v8
500 _aIncluye test.
504 _aBibliografía: p. 339.
650 0 4 _aMetabolismo-
_xTrastornos.
_915011
700 1 _aCigüenza Gabriel, Ramón.
_938818
830 1 _aPregrado: colección de lecciones de patología médica ;
_v8
_9191005
852 _aES-MaACL
_jE-15261
_xOlim P-1047
999 _c178510
_d178510